000 00841cam a22002293a 4500
001 1550
003 PGUSA
005 20140828083003.0
008 981201s1998||||xxu|||||s|||||000 1 eng d
040 _aPGUSA
_beng
042 _adc
050 4 _aPS
100 1 _aBurnett, Frances Hodgson,
_d1849-1924
245 1 2 _aA Lady of Quality :
_bBeing a Most Curious, Hitherto Unknown History, as Related by Mr. Isaac Bickerstaff but Not Presented to the World of Fashion Through the Pages of The Tatler, and Now for the First Time Written Down
_h[electronic resource] /
_cFrances Hodgson Burnett
260 _bProject Gutenberg,
_c1998
506 _aPublic domain in the USA.
516 _aElectronic text
653 _aNobility -- Fiction
830 0 _aProject Gutenberg
_v1550
856 4 0 _uhttp://www.gutenberg.org/ebooks/1550
942 _cEB
999 _c230898
_d230898